000 00631nam a22002177a 4500
005 20240216110554.0
008 240124b |||||||| |||| 00| 0 eng d
020 _a9788131217634
082 _a612
_bBER-B
100 _aBerne, Robert M
245 _aBerne & Levy Physiology/
_c[editors] Matthew N. Levy, Bruce A. Stanton, Bruce M. Koeppen.
250 _a6th ed.
260 _aIndia :
_bElsevier ;
_c2010.
300 _axii, 834 p. :
_bill ;
_c28 cm.
500 _aInclude Index.
650 _aPhysiology/Medical
700 _aLevy, Matthew N.
700 _aKoeppen, Bruce M.
700 _aStanton, Bruce A.
999 _c35115
_d35115